| 000 | 00332nam a22001337a 4500 | ||
|---|---|---|---|
| 008 | 250917b |||||||| |||| 00| 0 eng d | ||
| 020 | _a978-81-203-5268-1 | ||
| 100 | _aA.Anand Kumar | ||
| 245 | _aFundamentals of Digital Circuits. 4th Ed. | ||
| 250 | _a4th Ed. | ||
| 260 |
_aDelhi _bPHI _c2024 |
||
| 300 | _a1070 | ||
| 942 |
_2ddc _cBK |
||
| 999 |
_c21485 _d21485 |
||